000 00264nam a22001097a 4500
008 160613b xxu||||| |||| 00| 0 eng d
020 _a0397542240
041 _aeng
080 _a618.2
245 _aA guide to physical examination:
_cBarbara Bates;
942 _2udc
_cBK
999 _c2483
_d2483